| 000 | 00497nam a22001817a 4500 | ||
|---|---|---|---|
| 005 | 20140110170117.0 | ||
| 010 | _aENG-109054 | ||
| 020 |
_a9788189331283 _c99.00 |
||
| 035 | _aEN-92587 | ||
| 037 | _bDBAD/PUB | ||
| 082 | _aS | ||
| 100 | _aMittal, Princy | ||
| 245 |
_aSorry.... please come back / _cby Princy Mittal |
||
| 260 |
_aChandigarh _bEnkay Enterprises _c2013 |
||
| 270 |
_aSCO 49-51, Basement, Sector 17C _bChandigarh _e160017 |
||
| 300 |
_a80p. _c22cm(pbk) |
||
| 942 |
_2ddc _cEN _mMIT _hS |
||
| 999 |
_c81757 _d81757 |
||